000 00382nam a22001697a 4500
005 20260413104914.0
008 160629b xxu||||| |||| 00| 0 eng d
020 _a978-1-84739-146-9
041 _aeng
082 _a158.1
100 _a Covey, Stephen R.
_91778
245 _aThe 8th Habbit
260 _bFranckline covey
300 _a387
650 _aManagement
942 _cBK
999 _c4776
_d4774